000 01132nmc a2200385 a 4500
003 AR-BaBNM
005 20251128205613.0
008 288019s1994 ||||||||||||||000 | spa||
020 _a950-714-046-8
040 _cAR-BaBNM
100 1 _aDi Lullo, Orestes
245 1 0 _aEl folklore de Santiago del Estero
260 _aBuenos Aires
_bSecretaría de Cultura de la Nación
_bFraterna
_c1994
300 _a391 p.
490 0 _aIdentidad nacional
_vv. 38
500 _aContiene referencias bibliográficas en p. 17
650 4 _aANTOLOGIAS
650 4 _aANTROPOLOGIA CULTURAL Y SOCIAL
650 4 _aFIESTAS RELIGIOSAS
650 4 _aFOLKLORE
650 4 _aLITERATURA FOLKLORICA
650 4 _aLITERATURA ARGENTINA
650 4 _aTRADICION ORAL
650 4 _aENSAYO
650 4 _aCOSTUMBRES Y TRADICIONES
650 4 _aLITERATURA POPULAR
650 4 _aCULTURAS POPULARES
650 4 _aSUPERSTICION
650 4 _aMUSICA POPULAR
653 _aCULTURAS PRECOLOMBINAS
700 1 _aAlen Lascano, Luis C.
_eprologuista
800 1 _aSchroder Olivera, Jorge Luis
_ecoordinador
942 _cBK
998 _cMARTIN
999 _c12089
_d12089